[Event "IX Weekend A"]
[Site "Ceriano Laghetto ITA"]
[Date "2000.02.13"]
[Round "6"]
[White "Everet, Alexandro"]
[Black "Qendro, Llambi"]
[Result "0-1"]
[WhiteElo "2357"]
[BlackElo "2350"]
[PlyCount "102"]
[EventDate "2000.02.05"]

1. d4 g6 2. c4 Bg7 3. Nc3 d6 4. Nf3 Bg4 5. e3 Nc6 6. Be2 e5 7. O-O exd4 8. exd4
Nge7 9. d5 Bxf3 10. Bxf3 Ne5 11. Qa4+ Qd7 12. Qxd7+ Kxd7 13. Be2 f5 14. f4 Ng4
15. Bd2 Bd4+ 16. Kh1 Nf2+ 17. Rxf2 Bxf2 18. g3 Bd4 19. Kg2 Rhe8 20. Bd3 Ng8 21.
Rb1 Be3 22. Be1 Nf6 23. h3 Re7 24. Ne2 Rae8 25. Kf1 Ne4 26. Rd1 Nc5 27. Bc2 Bf2
28. Bxf2 Rxe2 29. Rc1 Rd2 30. Be1 Rh2 31. Bf2 Rh1+ 32. Bg1 Re3 33. Kf2 Nd3+ 34.
Kxe3 Nxc1 35. Kf2 Ne2 36. Kxe2 Rxg1 37. Kf3 Ra1 38. g4 fxg4+ 39. hxg4 Ke7 40.
f5 Kf6 41. fxg6 hxg6 42. Bb3 Kg5 43. a3 Rf1+ 44. Kg2 Rb1 45. Kg3 Rxb2 46. Bd1
Rd2 47. Ba4 Rd3+ 48. Kf2 Rxa3 49. Bd7 Rc3 50. Bc8 b6 51. Be6 a5 0-1

[Event "IX Weekend A"]
[Site "Ceriano Laghetto ITA"]
[Date "2000.02.13"]
[Round "6"]
[White "Lapiccirella, Daniele"]
[Black "Tramalloni, Luca"]
[Result "1-0"]
[WhiteElo "2053"]
[BlackElo "2061"]
[PlyCount "81"]
[EventDate "2000.02.05"]

1. d4 Nf6 2. c4 e6 3. Bg5 Be7 4. Nc3 d5 5. cxd5 exd5 6. e3 Bf5 7. Bxf6 Bxf6 8.
Qf3 Be6 9. Bd3 c6 10. Qd1 Nd7 11. Qc2 g6 12. Nge2 Qe7 13. O-O O-O 14. Rab1 c5
15. Nf4 Qd6 16. Nb5 Qb6 17. Nc3 c4 18. Be2 Bf5 19. Qd2 Bxb1 20. Nfxd5 Qd6 21.
Rxb1 Rac8 22. Bf3 b6 23. Nb5 Qb8 24. Bg4 Qb7 25. Bxd7 Qxd5 26. Bxc8 Qxb5 27.
Bg4 Qg5 28. Be2 Rd8 29. Qc3 b5 30. b3 cxb3 31. Rxb3 a6 32. Qc6 Qf5 33. Qxa6 Rc8
34. Qxb5 Rc1+ 35. Bf1 Qc2 36. Ra3 Rd1 37. Ra7 Qc1 38. Qe8+ Kg7 39. Qxf7+ Kh6
40. Qxh7+ Kg5 41. Ra5+ 1-0

[Event "IX Weekend A"]
[Site "Ceriano Laghetto ITA"]
[Date "2000.02.13"]
[Round "6"]
[White "Manzoni, Alessandro"]
[Black "Lapiccirella, Mattia"]
[Result "1/2-1/2"]
[WhiteElo "1902"]
[BlackElo "2171"]
[PlyCount "80"]
[EventDate "2000.02.05"]

1. e4 c5 2. Nc3 Nc6 3. g3 g6 4. Bg2 Bg7 5. Nge2 e6 6. d3 Nge7 7. O-O d6 8. f4
O-O 9. g4 f5 10. g5 Nd4 11. h4 Rb8 12. Ng3 b5 13. Nce2 b4 14. Nxd4 Bxd4+ 15.
Kh2 Bb7 16. Qe1 Qd7 17. c3 bxc3 18. bxc3 Bg7 19. Rb1 c4 20. Rxb7 Rxb7 21. exf5
exf5 22. Bxb7 Qxb7 23. Qe6+ Kh8 24. d4 Nd5 25. h5 Nxc3 26. hxg6 Qd5 27. Qxd5
Nxd5 28. gxh7 Kxh7 29. Ba3 Ne3 30. Rb1 Bxd4 31. Bxd6 Rd8 32. Ba3 Kg6 33. Ne2
Bb6 34. Bb4 Ng4+ 35. Kg2 Re8 36. Nc3 Ne3+ 37. Kf3 Nc2 38. Nd5 Nd4+ 39. Kg3 Ne2+
40. Kf3 Nd4+ 1/2-1/2